| 000 | 00501nam a2200145Ia 4500 | ||
|---|---|---|---|
| 008 | 100122s9999 xx 000 0 und d | ||
| 082 |
_b16924 _a796.358 |
||
| 100 | _aपंडित बाळ ज | ||
| 245 | _aक्रिकेट चौकार षटकार | ||
| 260 |
_bनीलकंठ प्रकाशन _c1971 |
||
| 300 | _a138 | ||
| 630 | _aक्रिकेट चौकार षटकार | ||
| 730 | _aक्रिकेट चौकार षटकार | ||
| 942 | _cBOOK | ||
| 999 |
_c406761 _d406758 |
||